000 01325cam a22003257a 4500
999 _c234753
_d234753
001 13244539
003 Nust
005 20170330125514.0
008 030619s2002 gr a b 000 0 eng d
010 _a 2003465244
020 _a9607508114
035 _a(DLC)13244539
040 _aNN
_cNN
_dOCoLC
_dDLC
042 _alccopycat
043 _ae------
050 0 0 _a372.357 ARV
_bB56 2002
082 0 0 _a372.357 ARV
_222
245 0 0 _aBio-syllabus for European environmental education :
_ba textbook for the better understandung and appreciation of the bio-environment /
_cEdited by[ Agni Vlavianos-Arvanitis]
260 _aAthens :
_bBiopolitics International Organisation,
_c2002.
300 _a880 p. :
_bill. ;
_c31 cm.
500 _aH.B
504 _aIncludes bibliographical references.
650 0 _aEnvironmental education
_zEurope.
650 0 _aBiopolitics.
700 1 _aVlavianos-Arvanitis, Agni.
856 4 1 _3Table of contents
_uhttp://www.loc.gov/catdir/toc/fy045/2003465244.html
906 _a7
_bcbc
_ccopycat
_d2
_encip
_f20
_gy-gencatlg
942 _2ddc
_cBK
_k372.357 ARV